000 01054nam a2200229Ia 4500
001 L225-5027
003 IT-CnALBA
008 170116s9999||||xx |||||||||||||| ||und||
040 _aIT-CnALBA
_cIT-CnALBA
041 _aPOLIGLOTTA
100 _aNOLLI GIANFRANCO, MONSIGNORE
245 0 _aEVANGELO SECONDO MARCO.
250 _a2a ed.
260 _a ROMA
_bLIBRERIA EDITRICE VATICANA
_c1980 [1° Ed.: n.d.]
300 _a434 p. (prefazione: 916)
500 _aANALISI PSICOLOGICA. MISTERO DEL MESSIA. CONFLITTI CON GLI SCRIBI. PARABOLE, MIRACOLI. ULTIMA FASE DEL MINISTERO DI GESÙ IN GALILEA. DISCORSO ESCATOLOGICO. PASSIONE MORTE E RESURREZIONE.
501 _aSocietà San Paolo EM - Piazza San Paolo, 14 - 12051 ALBA (CN) (non commercial uses only) ® Copyright 2017
520 _aANALISI PSICOLOGICA. MISTERO DEL MESSIA. CONFLITTI CON GLI SCRIBI. PARABOLE, MIRACOLI. ULTIMA FASE DEL MINISTERO DI GESÙ IN GALILEA. DISCORSO ESCATOLOGICO. PASSIONE MORTE E RESURREZIONE.
650 _aNUOVO TESTAMENTO
942 _cBK
957 _71
999 _a6010
_bNO
_g Copie: 1
_c264218
_d264218